Guida a Goldoni : (Record no. 135711)
[ view plain ]
| 000 -CABECERA | |
|---|---|
| campo de control de longitud fija | 00875nam a2200265 a 4500 |
| 001 - NÚMERO DE CONTROL | |
| campo de control | 991022289089706706 |
| 003 - IDENTIFICADOR DEL NÚMERO DE CONTROL | |
| campo de control | ES-BaIT |
| 005 - FECHA Y HORA DE LA ÚLTIMA TRANSACCIÓN | |
| campo de control | 20241031105351.0 |
| 008 - DATOS DE LONGITUD FIJA--INFORMACIÓN GENERAL | |
| campo de control de longitud fija | 950111s1977 it |||||| 001 ||ita|c |
| 020 ## - NÚMERO INTERNACIONAL ESTÁNDAR DEL LIBRO | |
| Número Internacional Estándar del Libro | 8806465732 |
| 035 ## - NÚMERO DE CONTROL DEL SISTEMA | |
| Número de control de sistema | (ES-BaCBU).b15685536 |
| 035 ## - NÚMERO DE CONTROL DEL SISTEMA | |
| Número de control de sistema | (OCoLC)802577191 |
| 040 ## - FUENTE DE LA CATALOGACIÓN | |
| Centro catalogador/agencia de origen | ES-BaCBU |
| Lengua de catalogación | cat |
| Centro/agencia transcriptor | ES-BaCBU |
| 080 ## - NÚMERO DE LA CLASIFICACIÓN DECIMAL UNIVERSAL | |
| Número de la Clasificación Decimal Universal | 850-2"17"Goldoni, Carlo.09 |
| 100 1# - ENTRADA PRINCIPAL--NOMBRE DE PERSONA | |
| Nombre de persona | Fido, Franco |
| 9 (RLIN) | 19265 |
| 245 10 - MENCIÓN DE TÍTULO | |
| Título | Guida a Goldoni : |
| Resto del título | teatro e società nel Settecento |
| 260 ## - PUBLICACIÓN, DISTRIBUCIÓN, ETC. | |
| Nombre del editor, distribuidor, etc. | Einaudi, |
| Fecha de publicación, distribución, etc. | cop. 1977 |
| 300 ## - DESCRIPCIÓN FÍSICA | |
| Extensión | XI, 262 p |
| 504 ## - NOTA DE BIBLIOGRAFÍA, ETC. | |
| Nota de bibliografía, etc. | Referències bibliogràfiques. Apèndixs p. 195-239. Índexs |
| 600 14 - PUNTO DE ACCESO ADICIONAL DE MATERIA--NOMBRE DE PERSONA | |
| Nombre de persona | Goldoni, Carlo, |
| Fechas asociadas al nombre | 1707-1793 |
| Subdivisión general | Crítica i interpretació |
| 9 (RLIN) | 55509 |
| 830 #0 - PUNTO DE ACCESO ADICIONAL DE SERIE-TÍTULO UNIFORME | |
| Título uniforme | Piccola biblioteca Einaudi |
| Designación de volumen o secuencia | 303 |
| 9 (RLIN) | 58852 |
| 907 ## - ELEMENTOS DE DATOS G LOCAL, LDG (RLIN) | |
| a | .b15685536 |
| b | 15-06-21 |
| c | 07-05-08 |
| d | 11-01-95 |
| e | m |
| f | a |
| g | - |
| h | ita |
| i | it |
| j | 0 |
| k | 1 |
| 908 ## - COLOCAR PARÁMETRO DE COMANDO (RLIN) | |
| Colocar parámetro de comando | UB |
| -- | CDMAE |
| 942 ## - ELEMENTOS DE ENTRADA AGREGADA (KOHA) | |
| Fuente del sistema de clasificación o colocación | Clasificación decimal universal |
| Tipo de ítem Koha | Llibre |
| Estado de retiro | Estado de pérdida | Fuente del sistema de clasificación o colocación | Estado dañado | No para préstamo | Localización permanente | Ubicación/localización actual | Ubicación en estantería | Fecha de adquisición | Fuente de adquisición | Total de préstamos | Signatura topográfica completa | Código de barras | Fecha visto por última vez | Precio válido a partir de | Tipo de ítem Koha |
|---|---|---|---|---|---|---|---|---|---|---|---|---|---|---|---|
| Clasificación decimal universal | Biblioteca Barcelona | Biblioteca Barcelona | BCN Lliure Accés | 31/10/2024 | Compra | 850 (gol) FID | 1900088163 | 31/10/2024 | 31/10/2024 | Bibliografia docent |


